Štatistická ročenka Slovenskej republiky 2002

Uložené v:
Podrobná bibliografia
Korporativný autor: Štatistický úrad Slovenskej republiky
Médium: Kniha
Jazyk:Slovak
English
Vydavateľské údaje: Bratislava VEDA 2002
Predmet:
Tagy: Pridať tag
Žiadne tagy, Buďte prvý, kto otaguje tento záznam!

MARC

LEADER 00000nam a2200000 4500
001 c142550
005 20240104103026.7
020 |a 80-224-0742-9 
041 0 |a slo 
041 0 |a eng 
044 |a SK 
245 1 0 |a Štatistická ročenka Slovenskej republiky 2002 
264 1 |a Bratislava  |b VEDA  |c 2002 
300 |a 727 s. 
500 |a Zdroj dokumentu: Štatistický úrad SR 
610 2 0 |a údaje štatistické 
610 2 0 |a Slovensko 
710 2 |a Štatistický úrad Slovenskej republiky